Harry Potter: Vie et habitat des Animaux Fantastiques - Statistiques

Statistiques générales
  • Ce quiz a été pris 58 fois
  • Le résultat moyen est 4 sur 6
Statistiques - réponses
Information Réponses % Correct
Sujet Animaux et créatures magiques
100%
Auteur Norbert Dragonneau
93%
Première apparition Harry Potter à l'école des sorciers
74%
Dernière apparition Harry Potter et les Reliques de la Mort
65%
Année de publication 1927
48%
Editeur Obscurus Books
17%
Aucun quiz correspondant
Distribution des résultats
% des personnes avec chaque résultat
Percentile par nombre de réponses
Votre historique - résultats
Vous n’avez pas pris ce quiz